Čínsky "superdrak" alebo mucholapka na investície VÚB otvorí v prvom štvrťroku '98 reprezentáciu na najperspektívnejšom trhu sveta - v ČĽR

Zmeny v politickom a hospodárskom dianí v Číne. Politický aspekt čínskej hospodárskej expanzie. Zakladanie firiem na vidieku. Daňový systém. Záujem zahraničných investorov o rozvoj čínskeho hospodárstva. Obchodno-ekonomická spolupráca Slovenska a Číny.

Gespeichert in:
Bibliographische Detailangaben
1. Verfasser: Goldman, Robert
Format: Buch
Sprache:Slowakisch
Schlagworte:
Tags: Tag hinzufügen
Keine Tags, Fügen Sie das erste Tag hinzu!

MARC

LEADER 00000nam a2200000 4500
001 r030230
005 20251104124710.8
041 0 |a slo 
044 |a SK 
245 1 0 |a Čínsky "superdrak" alebo mucholapka na investície  |b VÚB otvorí v prvom štvrťroku '98 reprezentáciu na najperspektívnejšom trhu sveta - v ČĽR  |c Robert Goldman 
520 |a Zmeny v politickom a hospodárskom dianí v Číne. Politický aspekt čínskej hospodárskej expanzie. Zakladanie firiem na vidieku. Daňový systém. Záujem zahraničných investorov o rozvoj čínskeho hospodárstva. Obchodno-ekonomická spolupráca Slovenska a Číny. 
610 2 0 |a situácia hospodárska 
610 2 0 |a Čína 
610 2 0 |a politika 
610 2 0 |a dane 
610 2 0 |a systémy daňové 
610 2 0 |a investície zahraničné 
610 2 0 |a spolupráca hospodárska medzinárodná 
610 2 0 |a Slovensko 
100 1 |a Goldman, Robert